De la palabra al texto: estudios lingüísticos del español

Saved in:
Bibliografiske detaljer
Main Authors: Ciapuscio, Guiomar Elena (autora), Adelstein, Andreína (Author), Brandani, Lucía V (Author), Ferrari, Laura Daniela (Author), Gallardo, Susana (Author), Kornfeld, Laura Malena (Author), Kuguel, Inés (Author), Resnik, Gabriela (Author)
Format: Bog
Sprog:spansk
Udgivet: Buenos Aires Eudeba 2009
Serier:Teoría e Investigación
Fag:
Tags: Tilføj Tag
Ingen Tags, Vær først til at tagge denne postø!

MARC

LEADER 00000cam a2200000 a 4500
001 UCF6885
003 CL-VaPUC
008 130524e20090000AG |||||||||||||||||spa|d
020 |a 9789502316604 
082 0 4 |a 410  |b CIA  |2 21 
100 |a Ciapuscio, Guiomar Elena  |e autora  |9 867837 
700 0 |a Adelstein, Andreína  |e author  |9 568881 
700 0 |a Brandani, Lucía V  |e author  |9 568882 
700 0 |a Ferrari, Laura Daniela  |e author  |9 568883 
700 0 |a Gallardo, Susana  |e author  |9 568884 
700 0 |a Kornfeld, Laura Malena  |e author  |9 568885 
700 0 |a Kuguel, Inés  |e author  |9 568886 
700 0 |a Resnik, Gabriela  |e author  |9 568887 
245 1 0 |a De la palabra al texto: estudios lingüísticos del español 
300 |a 278 p 
942 |c BK 
945 |d 20130524 00:00:00  |a dcastane 
260 |a Buenos Aires  |b Eudeba  |c 2009 
650 0 |a Topología   |9 260092 
650 0 |a Análisis del discurso  |9 256696 
650 0 |a Lingüística  |9 265068 
583 |a last modification  |c 20130524 08:39:00  |k Rodrigo Vera 
490 0 |a Teoría e Investigación 
999 |c 351910  |d 351908 
952 |0 0  |1 0  |4 0  |6 410_000000000000000_CIA_2009  |7 0  |8 A  |9 456328  |a BIBEDU  |b BIBEDU  |d 2019-11-22  |i 4974522  |o 410 CIA 2009  |p 4974522  |r 2019-11-22  |w 2019-11-22  |y BK  |k LIT